=LDR 00000nam 2200000 4500 =001 000297 =005 20250712033233 =035 ##$$a 0010-0725000147 =007 ta =008 250712################a##########0#ind## =082 ##$$a 398.209 598 =245 1#$$a Apa makanan Mereka? /$c All Children Reading Cambodia =250 ##$$a Pertama =260 ##$$a Jakarta Timur :$b Badan Pengembangan dan Pembinaan Bahasa,$c 2022 =300 ##$$a 18hlm. : $b ilus. ; $c 21,5cm =650 #4$$a cerita anak indonesia teejemahan =650 #4$$a literasi bahan bacaan =700 #$$a Chhoun Sambath =110 ##$$a All Children Reading Cambodia =856 ##$$a TBM AS-SYUHADA =020 ##$$a 978-623-307-496-4 =084 ##$$a 398.209 598 ALL a =990 ##$$a TBM202400200